000 00718nam a2200217 a 4500
001 000012433
005 20240412074232.0
008 091112s19uu dr a 000 j spa d
020 _a9993479497
040 _aDO-SdBNP
_bspa
_cBNPHU
082 _aRD863.44
_bL864c
100 1 _aLópez Azuán, Virgilio,
_d1959-
_964493
245 1 3 _aEl color rojo del amor /
_cVirgilio López Azuán.
260 _aSanto Domingo :
_bMente,
_c[199-].
300 _a109 p. :
_bil. ;
_c22 cm.
500 _aIncluye datos biográficos del autor en la solapa de la cubierta
590 _aInventariado, 2020/MAA
650 0 _aCuentos dominicanos
_9176
650 0 _aLiteratura dominicana.
_967
910 _aValidado. Control de calidad MFF
999 _c12090
_d12090